000 00572nam a22001697a 4500
999 _c8042
_d8043
008 190704b ||||| |||| 00| 0 eng d
020 _a0520046722
082 _a302 S75b 1982
100 _aSpiro, Melford E.
245 _aBuddhism and society :
_ba great tradition and its Burmese vicissitudes
250 _a2nd, expanded ed.
260 _aBerkeley :
_bUniversity of California Press,
_c1982.
300 _a xxiv, 510 p. ;
_c23 cm.
500 _a Includes index. Bibliography: p. [483]-493.
650 _aBuddhism--Burma. Buddhist sociology--Burma.
942 _2ddc